All the Countries of the World - Statistics

General Stats
  • This quiz has been taken 39 times
  • The average score is 139 of 196
Answers on the Map
Answers color-coded by a green-red scale on the quiz's map according to % correct below.
 
Answer Stats
Answer % Correct
Canada
89%
India
89%
Denmark
86%
Finland
86%
France
86%
Germany
86%
Iran
86%
Iraq
86%
Japan
86%
Mexico
86%
Nepal
86%
North Korea
86%
Russia
86%
South Africa
86%
South Korea
86%
Switzerland
86%
Thailand
86%
United Kingdom
86%
Afghanistan
82%
Australia
82%
Austria
82%
Belgium
82%
Brazil
82%
Chile
82%
China
82%
Czech Republic
82%
Egypt
82%
Estonia
82%
Greece
82%
Hungary
82%
Iceland
82%
Indonesia
82%
Ireland
82%
Italy
82%
Jamaica
82%
Kazakhstan
82%
Mongolia
82%
Morocco
82%
Netherlands
82%
New Zealand
82%
Norway
82%
Pakistan
82%
Philippines
82%
Poland
82%
Portugal
82%
Qatar
82%
Saudi Arabia
82%
Spain
82%
Sweden
82%
Turkey
82%
Ukraine
82%
United Arab Emirates
82%
United States of America
82%
Vietnam
82%
Albania
79%
Argentina
79%
Colombia
79%
Croatia
79%
Cyprus
79%
Dominican Republic
79%
Georgia
79%
Ghana
79%
Jordan
79%
Laos
79%
Latvia
79%
Lebanon
79%
Libya
79%
Madagascar
79%
Niger
79%
Nigeria
79%
Oman
79%
Serbia
79%
Syria
79%
Taiwan
79%
Tunisia
79%
Venezuela
79%
Yemen
79%
Algeria
75%
Bangladesh
75%
Belarus
75%
Bhutan
75%
Cuba
75%
Ethiopia
75%
Haiti
75%
Kenya
75%
Kyrgyzstan
75%
Malaysia
75%
Panama
75%
Paraguay
75%
Peru
75%
Romania
75%
Sri Lanka
75%
Sudan
75%
Turkmenistan
75%
Uruguay
75%
Uzbekistan
75%
Armenia
71%
Azerbaijan
71%
Bolivia
71%
Cambodia
71%
Central African Republic
71%
Dominica
71%
Ecuador
71%
El Salvador
71%
Guatemala
71%
Kosovo
71%
Lithuania
71%
Luxembourg
71%
Mali
71%
Myanmar
71%
Slovakia
71%
Slovenia
71%
Somalia
71%
South Sudan
71%
Tajikistan
71%
Tanzania
71%
Vatican City
71%
Zimbabwe
71%
Botswana
68%
Bulgaria
68%
Costa Rica
68%
Eritrea
68%
Eswatini
68%
Fiji
68%
Guinea
68%
Kuwait
68%
Malta
68%
Moldova
68%
Nicaragua
68%
Papua New Guinea
68%
Rwanda
68%
Uganda
68%
Zambia
68%
Belize
64%
Benin
64%
Bosnia and Herzegovina
64%
Chad
64%
Djibouti
64%
Guyana
64%
Honduras
64%
Lesotho
64%
Liechtenstein
64%
Maldives
64%
Mauritania
64%
Namibia
64%
Senegal
64%
Singapore
64%
Togo
64%
Andorra
61%
Angola
61%
Bahamas
61%
Barbados
61%
Democratic Republic of the Congo
61%
Federated States of Micronesia
61%
Guinea-Bissau
61%
Ivory Coast
61%
Kiribati
61%
Liberia
61%
Malawi
61%
Mauritius
61%
Montenegro
61%
Mozambique
61%
North Macedonia
61%
Samoa
61%
Seychelles
61%
Suriname
61%
Bahrain
57%
Equatorial Guinea
57%
Gabon
57%
Palau
57%
Solomon Islands
57%
Cameroon
54%
Cape Verde
54%
Comoros
54%
East Timor
54%
Gambia
54%
Marshall Islands
54%
Sierra Leone
54%
Tuvalu
54%
Vanuatu
54%
Brunei
50%
Burkina Faso
50%
Monaco
50%
Nauru
50%
Saint Lucia
50%
San Marino
50%
Sao Tome and Principe
50%
Trinidad and Tobago
50%
Burundi
46%
Saint Kitts and Nevis
46%
Tonga
46%
Grenada
43%
Republic of the Congo
43%
Antigua and Barbuda
39%
Saint Vincent and the Grenadines
36%
Israel and Palestine
11%
No matching quizzes found
Score Distribution
Percent of People with Each Score
Percentile by Number Answered
Your Score History
You have not taken this quiz